000 00967nmm a2200277 a 4500
001 ocm000882947
003 TR-IsHL
005 20201028144412.0
008 141121s2009 tu tur
007 cr cn
020 _a9786054049301
035 _a882947
_b(N$T)
050 0 4 _aDR434
_b.K57 2009
090 0 4 _aDR434
_b.K57 2009
100 1 _aKiratzopulos, Vasilis
245 1 0 _aKayıt olunmamış soykırım: İstanbul Eylül 1955, yeni dünya düzeninin itinayla sakladığı utanç uygulaması
_h[electronic resource] /
_cVasilis Kiratzopulos ; çev. Sonya Özzakar
260 _aİstanbul :
_bPencere Yayınları,
_c2009
300 _a209 p.
650 4 _aTarih
650 4 _aHistory
650 0 _aAzınlıklar
_xTürkiye
650 0 _aMinorities
_xTurkey
650 7 _aSOCIAL SCIENCE / Minority Studies
_2bisacsh
700 1 _aÖzzakar, Sonya
856 4 0 _uhttp://search.ebscohost.com/login.aspx?direct=true&scope=site&db=e011xww&AN=882947
999 _c9406
_d9406